LEADER 01220nam0 22003013i 450 001 TO01566457 005 20231121125845.0 010 $a8846478444 100 $a20160401d2006 ||||0itac50 ba 101 | $aita 102 $ait 181 1$6z01$ai $bxxxe 182 1$6z01$an 200 1 $a˜L'œartigianato per lo sviluppo$eprimo rapporto annuale 2006$ecurato per l'Assessorato all'Artigianato e Cooperazione$fProvincia autonoma di Trento 210 $aMilano$cFranco Angeli$d2006 215 $a268 p.$cill.$d23 cm. 712 02$aTrento$c $3CFIV022369 791 02$aProvincia autonoma di Trento$3CFIV022370$zTrento 791 02$aTrento$c $3CFIV133238$zTrento 791 02$aProvincia di Trento$3RT1V015434$zTrento 801 3$aIT$bIT-01$c20160401 850 $aIT-FR0017 899 $aBiblioteca umanistica Giorgio Aprea$bFR0017 912 $aTO01566457 950 0$aBiblioteca umanistica Giorgio Aprea$d 52CIS 10/1258$e 52VM 0000670095 VM barcode:00042827. - Inventario:227 SUSVM$fA $h20070228$i20121204 977 $a 52 996 $aArtigianato per lo sviluppo$91131377 997 $aUNICAS